01794nam a2200337 4500001000400000003000400004005001700008008004100025040000800066041001300074082001500087100003500102240002100137245011300158250001900271260003500290300001100325490003800336520083000374650002501204650002201229650003001251650001301281650001601294650001001310655001201320655001601332700004001348700003001388830003801418116OSt20250528074012.0250127b |||||||e |||| 00| 1 eng d bpor hengapor a813bC455l1 aChandler, Raymond,d1888-1959. aThe long goodbye aO longo adeus /cChandler, Raymond ; Tradução de Flávio Moreira da Costa e Prefácio de José Onofre a2° edição aSão PaulobBrasiliensec1985 a332 p.1 aDetetive Philip MarlowevLivro 06 aO longo adeus é um dos maiores romances da literatura americana em todos os tempos. E, seguramente, o melhor do gênero em que Chandler foi um dos fundadores – o policial noir – compartilhado com escritores do gabarito de Dashiell Hammett, Ross Macdonald, David Goodis, Chester Himes, entre outros. No centro da trama está Philip Marlowe, o detetive emblemático da literatura de Chandler e do período da recessão americana em que ele ambienta suas novelas. Sentimental sob uma casca de durão, quase sempre um perdedor, hábil e fascinante, Philip Marlowe ocupa a galeria de honra dos grandes personagens da literatura universal. O longo adeus é um clássico sobre a solidão e a amizade. Philip Marlowe e o enigmático Terry Lennox são os personagens centrais deste romance profundo e brilhante.  0aLiteratura Americana 0aRomance Policial  0aCrime e Investigação  0aAção 0aClássicos 0aFilme 0aRomance 0aFicção  aFlávio Moreira da CostaeTradutor aJosé OnofreePrefácio aDetetive Philip MarlowevLivro 06